000 00474cam a2200205 4500
001 B1771
008 090401t1988 xxu||||| |||| 00| 0 eng d
035 _a(Sirsi) u46343
041 _aeng
050 _a333.3320212
100 _aMarshall, Philip
245 _aDonaldsons investment tables
250 _a3rd ed.
260 _aLondon
_bDonaldsons
_c1988
300 _a81p. ; 23cm.
350 _a15
650 _aVALUATION TABLES
942 _n0
948 _c04/03/1997
999 _c91913
_d91913